00685 2200205 4500001002100000005001700021008004100038035002400079082001400103090002500117110004300142245007900185260008900264300003300353650004300386850001200429980001700441985000600458999001500464YOGYA-0209000004206020090227025831.0 ind  0010-020900000042060 a658.31245 a658.31245bInd BlQT aINDONESIA. Lembaga Administrasi Negara aBuku panduan program diklat Spati angkatan VIcLembaga Administrasi Negara aJakartabLembaga Administrasi Negara Pusat Diklat Sespanas Bidang Kepemimpinanc2000 aiii,[25] lembarbilusc30 cm aPendidikan dan Latihan Pegawai - Spati aYOPDYOG a18 Juli 2007 a1 a07A0023355